00532nam a2200157Ia 450000500170000000800410001704100080005808200160006610000280008224500450011026000370015530000090019265000230020199900190022495201310024320250729165757.0250729s2017 xx 000 0 und d aeng a371.33 YADE aDr.S.B.Yadawada9232773 aEducational Administration and Managemnt aMysorebVismaya Prakashanac2017 a298p aTechnology9232774 c239949d239949 00104070aALbALd2025-07-29eManagement Bookg220.00l0o371.33 YADEpBED05268r2025-07-29 16:57:57v220.00w2025-07-29yBK